Ružomberok : Monografia mesta /

Guardado en:
Detalles Bibliográficos
Otros Autores: Bišťan, Martin (Editor), Demko, Jaroslav (Editor), Dvorský, Peter (Editor)
Formato: Libro
Lenguaje:eslovaco
Publicado: Banská Bystrica : Štúdium Harmony, s.r.o pre Mesto Ružomberok, 2009
Edición:1. vydanie
Colección:Genius loci
Materias:
Etiquetas: Agregar Etiqueta
Sin Etiquetas, Sea el primero en etiquetar este registro!

MARC

LEADER 00000nam a22000003a 4500
001 0097414
003 SK-STU
005 20220929130719.0
007 ta
008 220929s ----xo-----e------000-0-----d
020 |a 978-80-89151-22-6 
040 |a STU  |b slo 
041 0 |a slo 
044 |a xo 
100 1 |a Bišťan, Martin  |4 edt 
245 1 0 |a Ružomberok :  |b Monografia mesta /  |c ed. Martin Bišťan ; ed. Jaroslav Demko, Peter Dvorský 
250 |a 1. vydanie 
260 |a Banská Bystrica :  |b Štúdium Harmony, s.r.o pre Mesto Ružomberok,  |c 2009 
300 |a 288 s. 
490 0 |a Genius loci 
650 0 7 |a vývoj stavby miest 
650 0 7 |a história 
650 0 7 |a architektúra a urbanizmus 
700 1 |a Demko, Jaroslav  |4 edt 
700 1 |a Dvorský, Peter  |4 edt 
996 |b 284AU09402  |c A* 12726/U  |l AAKNST  |s P  |a 0  |w 0097414_0001